Municípios mais populosos do Brasil em 1920 - Statistics

Estatísticas Gerais
  • Esse quiz foi jogado 33 vezes
  • A pontuação média é 11 de 20
Estatísticas das Respostas
População Estado Município % Correto
236 402 Pará Belém
100%
179 263 Rio Grande do Sul Porto Alegre
100%
238 843 Pernambuco Recife
100%
1 157 873 Districto Federal Rio de Janeiro
100%
579 033 São Paulo São Paulo
100%
283 422 Bahia São Salvador
100%
86 238 Rio de Janeiro Nictheroy
96%
115 602 São Paulo Campinas
83%
175 850 Rio de Janeiro Campos
78%
118 166 Minas Geraes Juiz de Fora
70%
102 589 São Paulo Santos
70%
126 796 São Paulo Rio Preto
30%
162 199 Minas Geraes Teophilo Ottoni
22%
89 717 Minas Geraes Barbacena
17%
92 515 Pernambuco Bello Jardim
13%
86 675 Minas Geraes Carangola
13%
137 017 Minas Geraes Caratinga
13%
90 807 Rio de Janeiro Itaperuna
13%
86 940 Pernambuco Nazareth
13%
96 478 Minas Geraes São Miguel de Guanhães
13%
Nenhum quiz correspondente encontrado
Distribuição das Pontuações
Porcentagem de Pessoas com Cada Pontuação
Percentil de Números Respondidos
Sua Pontuação Histórica
Você não jogou esse quiz